000 00429nam a2200181Ia 4500
001 16222
005 20260306170254.0
008 260306t1982||||xx |||||||||||||| ||und||
041 _aESP
082 _a347.5
_bM84 1982 T. 1
100 _aMontoya Manfredi, Ulises
_eAUT
245 0 _aDerecho comercial
260 _c1982
300 _a448 páginas :
_c23 cm.
650 _aGEN
654 _aCDE
942 _cLIB
_dJUS
_fJUS
_2ddc
_n
999 _c16222
_d16222